Les animaux dans les Disney - Statistiques

Statistiques générales
  • Ce quiz a été pris 811 fois
  • Le résultat moyen est 17 sur 50
Statistiques - réponses
Films Disney Réponses % Correct
Le Roi Lion Simba
95%
Le Roi Lion Nala
89%
Le Roi Lion Scar
88%
Le Roi Lion Mufasa
84%
Cendrillon Gus
83%
Le Roi Lion Pumba
80%
Le Roi Lion Timon
78%
La Petite Sirène Polochon
75%
La Petite Sirène Sebastien
74%
Dumbo Dumbo
72%
Bernard et Bianca Bernard
70%
Bernard et Bianca Bianca
69%
Cendrillon Lucifer
64%
Oliver et Compagnie Oliver
60%
Les 101 Dalmatiens Pongo
57%
Le Roi Lion Zazu
57%
Le Roi Lion Rafiki
53%
Les 101 Dalmatiens Perdita
52%
Cendrillon Jaq
41%
Aladdin Abou
40%
La Petite Sirène Eureka
36%
Peter Pan Nana
36%
Aladdin Rajah
34%
Le Roi Lion Shenzi
22%
Tarzan Tantor
22%
La Petite Sirène Max
19%
La Petite Sirène Flotsam
14%
la Petite Sirène Jetsam
14%
Tarzan Kala
13%
Tarzan Kerchak
12%
Bernard et Bianca Evinrud
9%
Oliver et Compagnie Georgette
8%
Aladdin Lago
7%
Oliver et Compagnie Roublard
7%
Oliver et Compagnie Tito
6%
Bernard et Bianca Brutus
5%
Bernard et Bianca Neron
5%
Bernard et Bianca Orville
5%
Dumbo Thimotée
5%
Oliver et Compagnie Rita
4%
Bernard et Bianca Rufus
4%
Tarzan Terk
3%
Le Bossu De Notre-Dame Achille
2%
Oliver et Compagnie Desoto
2%
Oliver et Compagnie Einstein
2%
Oliver et Compagnie Francis
2%
Oliver et Compagnie Rosco
2%
La Belle Au Bois Dormant Samson
2%
Dumbo Maman Jumbo
1%
Peter Pan Tick Tock Croc
1%
Aucun quiz correspondant
Distribution des résultats
% des personnes avec chaque résultat
Percentile par nombre de réponses
Votre historique - résultats
Vous n’avez pas pris ce quiz